Politique : Citation lettre à lettre - Statistiques

Statistiques générales
  • Ce quiz a été pris 118 fois
  • Le résultat moyen est 9 sur 27
Statistiques - réponses
Lettre Question Réponse % Correct
M Plus de la moitié des voix (2 mots) Majorité absolue
80%
I Hausse générale des prix. Inflation
74%
T Empereur de Russie. Tsar
65%
I Argent prélevé par le gouvernement pour répondre aux dépenses de l'État. Impôt
62%
M Membre du gouvernement. Ministre
60%
U Ancien état communiste URSS
56%
E Citoyen qui peut voter. Electeur
55%
O Groupe d'élus en désaccord avec la majorité d'une assemblée. Opposition
54%
M Plus grand nombre de voix (2 mots) Majorité relative
45%
H Mouvement né au XVI°s et qui affirme la valeur de l'être humain. Humanisme
44%
M Doctrine selon laquelle la lutte des classes mène à la dictature du prolétariat puis à l'État communiste. Marxisme
44%
E Territoire délimité par des frontières et dirigé par un gouvernement indépendant. Etat
40%
N Achat ou confiscation d'entreprise par l'État qui en prend le contrôle. Nationalisation
38%
U Construction et aménagement réfléchi des villes. Urbanisme
32%
E Personne qui peut être candidate ou être élue. Eligible
31%
A Système où le roi a tous les pouvoirs Absolutisme
28%
F Dictature soumise à un parti politique nationaliste Fascisme
24%
M Support de l'information indispensable au politique Media
21%
O Texte du gouvernement qui a valeur de loi. Ordonnance
18%
T Système où la politique et l'économie sont dirigées par les idées d'un parti unique. Totalitarisme
16%
P Volonté de rassembler tous les peuples d'origine germanique dans un seul État. Pangermanisme
13%
E Imposer des idées grâce à la propagande. Endoctriner
7%
Citation Ma femme est un homme politique
7%
E Système de vote par machine interposée Electronique
6%
L Assurance qu'a chaque individu du respect de sa pensée et de sa vie privée. (2 mots) Liberté individuelle
5%
S Système électoral dans lequel est élu le candidat ou la liste qui a obtenu le plus grand nombre de voix. (2 mots) Scrutin majoritaire
4%
Q Quand le gouvernement se soumet à un vote de l'assemblée. (3 mots) Question de confiance
0%
Aucun quiz correspondant
Distribution des résultats
% des personnes avec chaque résultat
Percentile par nombre de réponses
Votre historique - résultats
Vous n’avez pas pris ce quiz